000 00406nam a2200157Ia 4500
008 100122s9999 xx 000 0 und d
082 _b46698
_aBM823
100 _aPYLE HOWARD
245 _aTHE MERRY ADVENTURE OF ROBINHOOD
250 _a0
260 _bMOBY BOOKS
_c1979
300 _a238
630 _aTHE MERRY ADVENTURE OF ROBINHOOD
730 _aTHE MERRY ADVENTURE OF ROBINHOOD
942 _cBOOK
999 _c374109
_d374106